| 000 | 00638nam a22002057a 4500 | ||
|---|---|---|---|
| 005 | 20141028110032.0 | ||
| 010 | _aENG-111058 | ||
| 020 |
_c325.00 _a9789383420322 |
||
| 035 | _aEN-94590 | ||
| 037 | _bDBAD/PUB | ||
| 082 | _a512.89 | ||
| 100 | _aChatterjee, Utpal | ||
| 245 |
_aVector and tensor analysis / _cby Utpal Chatterjee [and] Nandini Chatterjee |
||
| 260 |
_aKolkata _bAcademic Publishers _c2014 |
||
| 270 |
_bKolkata _e700073 _a5A, Bhawani Dutta Lane |
||
| 300 |
_aviii,552p. _c24cm(pbk) |
||
| 500 | _aIncludes bibliographical references | ||
| 700 | _aChatterjee, Nandini | ||
| 942 |
_2ddc _cEN _mCHA _h512.89 |
||
| 999 |
_c89610 _d89610 |
||